|
|
|
|
| LEADER |
01384nam a2200361 a 4500 |
| 001 |
000699189 |
| 003 |
CZ BrMZK |
| 005 |
20040114112826.0 |
| 007 |
ta |
| 008 |
031205s2003 xo e 000 0 slo d |
| 020 |
|
|
|a 80-225-1683-X
|q (brož.)
|
| 040 |
|
|
|a BOA001
|b cze
|
| 043 |
|
|
|a e-xo---
|
| 072 |
|
7 |
|a 37.016
|x Učební osnovy. Vyučovací předměty. Učebnice
|2 Konspekt
|9 22
|
| 072 |
|
7 |
|a 364
|x Sociální problémy vyžadující podporu a pomoc. Sociální zabezpečení
|2 Konspekt
|9 18
|
| 080 |
|
|
|a 364
|2 MRF
|
| 080 |
|
|
|a (437.6)
|2 MRF
|
| 080 |
|
|
|a (075.8)
|2 MRF
|
| 100 |
1 |
|
|a Rievajová, Eva,
|d 1951-
|7 mzk2003208527
|4 aut
|
| 245 |
1 |
0 |
|a Sociálne zabezpečenie /
|c Eva Rievajová a kolektív
|
| 250 |
|
|
|a 1. vyd.
|
| 260 |
|
|
|a Bratislava :
|b Ekonóm,
|c 2003
|
| 300 |
|
|
|a 183 s. ;
|c 21 cm
|
| 500 |
|
|
|a Nad názvem: Národohospodárska fakulta Ekonomickej univerzity v Bratislave
|
| 500 |
|
|
|a 300 výt
|
| 504 |
|
|
|a Obsahuje bibliografii a bibliografické odkazy
|
| 541 |
|
|
|a Bratislava, Centrum vedecko-technických informácií SR
|
| 650 |
0 |
7 |
|a sociální zabezpečení
|7 ph116215
|z Slovensko
|2 czenas
|
| 650 |
0 |
7 |
|a sociální zabezpečení
|7 ph116215
|2 czenas
|
| 655 |
|
7 |
|a učebnice vysokých škol
|7 fd133772
|2 czenas
|
| 910 |
|
|
|a BOA001
|b 2-1126.365
|
| 990 |
|
|
|a BK
|
| 996 |
6 |
|
|b 2610203581
|c 2-1126.365
|l MZK
|r Sklad / do 1 hodiny
|n 1
|p vým
|w 000699189
|u 000010
|a 1
|e BOA001
|j MZK50
|s P
|